书目信息 |
| 题名: |
走在回家的路上
|
|
| 作者: | 齐学红 著 | |
| 分册: | ||
| 出版信息: | 北京 北京师范大学出版社 2011 |
|
| 页数: | 360页 | |
| 开本: | 23cm | |
| 丛书名: | 现代教育社会学研究丛书 | |
| 单 册: | ||
| 中图分类: | G40-052.4 , G632 | |
| 科图分类: | ||
| 主题词: | 教育环境学--jiao yu huan jing xue--中小学--研究 , 教学研究--ji chu jiao yu--中小学 | |
| 电子资源: | ||
| ISBN: | 978-7-303-07483-9 | |
| 000 | 01171nam 2200325 45 | |
| 001 | 012001004896 | |
| 005 | 20121205145854.0 | |
| 010 | @a978-7-303-07483-9@dCNY37.00 | |
| 099 | @aCAL 012005065577 | |
| 100 | @a20050603d2005 ekmy0chiy0121 ea | |
| 101 | 0 | @achi |
| 102 | @aCN@b110000 | |
| 105 | @aak a 000yy | |
| 106 | @ar | |
| 200 | 1 | @a走在回家的路上@Azou zai hui jia de lu shang@e学校生活中的个人知识@f齐学红著 |
| 210 | @a北京@c北京师范大学出版社@d2011 | |
| 215 | @a360页@c图@d23cm | |
| 225 | 2 | @a现代教育社会学研究丛书@Axian dai jiao yu she hui xue yan jiu cong shu@d= Sociology of education@f主编吴康宁@zeng |
| 300 | @a其他题名:学校生活中的个人知识 | |
| 320 | @a有书目 (第356-360页) | |
| 410 | 0 | @12001@a现代教育社会学研究丛书 |
| 461 | 0 | @12001 @a现代教育社会学研究丛书@1701 0@a主编吴康宁 |
| 517 | 1 | @a学校生活中的个人知识@Axue xiao sheng huo zhong de ge ren zhi shi |
| 606 | 0 | @a教育环境学@Ajiao yu huan jing xue@x中小学@x研究 |
| 606 | 0 | @a教学研究@Aji chu jiao yu@x中小学 |
| 690 | @aG40-052.4@v4 | |
| 690 | @aG632@v4 | |
| 701 | 0 | @a齐学红@Aqi xue hong@4著 |
| 801 | 2 | @aCN@b江苏凤凰@c20191020 |
| 905 | @b1224208-11@dG40-052.4@e1076@f4 | |
| 走在回家的路上:学校生活中的个人知识/齐学红著.-北京:北京师范大学出版社,2011 |
| 360页:图;23cm.-(现代教育社会学研究丛书= Sociology of education/主编吴康宁) |
| 其他题名:学校生活中的个人知识 |
| ISBN 978-7-303-07483-9:CNY37.00 |
| ● |
| 相关链接 |
|
|
|
|
正题名:走在回家的路上
索取号:G40-052.4/1076
 
预约/预借
| 序号 | 登录号 | 条形码 | 馆藏地/架位号 | 状态 | 备注 |
| 1 | 1224208 | 212242081 | 第一样本阅览室/ [索取号:G40-052.4/1076] | 在馆 | |
| 2 | 1224209 | 212242090 | 教育系资料室/ [索取号:G40-052.4/1076] | 在馆 | |
| 3 | 1224210 | 212242107 | 教育系资料室/ [索取号:G40-052.4/1076] | 在馆 | |
| 4 | 1224211 | 212242116 | 第四借阅区/ [索取号:G40-052.4/1076] | 在馆 |